Sales promotion of brand shoes business enterprise

Podpora predaja podnikov so značkovou obuvou v značkových obchodoch a v outletoch v európskych krajinách, so zameraním na Slovensko. Rozličné druhy aktivít, ako pritiahnuť zákazníka. Nástroje marketingovej komunikácie.

Salvato in:
Dettagli Bibliografici
Autore principale: Pružinský, Michal, 1952-
Altri autori: Mucha, Martin, Medvecová, Ivana
Natura: Capitolo di libro
Lingua:inglese
Soggetti:
Tags: Aggiungi Tag
Nessun Tag, puoi essere il primo ad aggiungerne!!

MARC

LEADER 00000nla a2200000 4500
001 0226706
005 20240502073732.8
041 0 |a eng 
044 |a SK 
245 1 0 |a Sales promotion of brand shoes business enterprise  |c Michal Pružinský, Martin Mucha, Ivana Medvecová EUBPHFKOP 
520 |a Podpora predaja podnikov so značkovou obuvou v značkových obchodoch a v outletoch v európskych krajinách, so zameraním na Slovensko. Rozličné druhy aktivít, ako pritiahnuť zákazníka. Nástroje marketingovej komunikácie. 
610 2 0 |a predajne 
610 2 0 |a obuv 
610 2 0 |a tovar značkový 
610 2 0 |a výpredaj sezónny 
610 2 0 |a zisk obchodný 
610 2 0 |a podpora predaja 
610 2 0 |a komunikácia marketingová 
610 2 0 |a spotrebitelia 
100 1 |a Pružinský, Michal, 1952- 
700 1 |a Mucha, Martin 
700 1 |a Medvecová, Ivana